000 00756nam a22002057a 4500
999 _c20087
_d20087
003 AR-CdUCM
008 190525b ||||| |||| 00| 0 spa d
040 _aMUNICIPALIDAD PROVINCIAL DEL CUSCO
_cBIBLIOTECA MUNICIPAL DEL CUSCO
082 _a333.985 /
_bC59
100 _aClaverias Huerse, Ricardo
_942024
245 _aCosmovisión y planificación en las comunidades andinas /
260 _aLima :
_bDugrafis,
_c1990.
300 _a155 páginas ;
_bGráficos
_c20 cm.
505 _aContenido : Cultura popular y desarrollo autónomo -- Ideología, identidad, y organización para el desarrollo...
650 _aEducación andina
_942025
650 _aCosmovisión
_919165
650 _aTecnología Andina
_910426
942 _2ddc
_cLIBROS
945 _arcc